000 00724nam a2200241 i 4500
001 16689
003 BD-RjUL
005 20211209000035.0
008 140215s1955 ua b 00100 eng d
035 _a(BD-RjUL)16744
040 _aDLC
_beng
_cDLC
_dBD-RjUL
041 _aeng
082 0 0 _a671.25
_bHEP 1955
100 1 _aHeine, Richard W.
_951548
245 1 0 _aPrinciples of metal casting /
_cRichard W. Heine, Philip C. Rosenthal.
260 _aNew York :
_bMcGraw-Hill,
_c1955.
300 _aix, 639 p. :
_bill. ;
_c24 cm.
504 _aIncludes bibliographical references and indexes.
650 0 _aFounding.
_951549
650 0 _aMetal castings.
_951550
700 1 _aRosenthal, Philip C.,
_951551
942 _2ddc
_cBK
999 _c16689
_d16689